| 000 | 00515nam a22001697a 4500 | ||
|---|---|---|---|
| 003 | MACL | ||
| 005 | 20160403142444.0 | ||
| 008 | 160403b xxu||||| |||| 00| 0 eng d | ||
| 040 | _cMACL | ||
| 041 | _aHindi | ||
| 082 | _a333 | ||
| 100 |
_aआसरे राम _949860 |
||
| 245 | _aपर्यावरण प्रदूषण और प्रबन्ध | ||
| 260 |
_aइलाहाबाद _bउत्सवा प्रकाशन _c2007 |
||
| 650 |
_aEnvironment _950299 |
||
| 942 |
_2ddc _cHIN |
||
| 999 |
_c53706 _d53706 |
||